| 000 | 01092cam a2200265 i 4500 | ||
|---|---|---|---|
| 999 |
_c127911 _d127911 |
||
| 001 | 872613 | ||
| 003 | ARRUPE | ||
| 005 | 20180419161936.0 | ||
| 008 | 790326s1968 cg b 101 0 fre | ||
| 010 | _a 79339795 | ||
| 040 |
_aDLC _cDLC _dDLC |
||
| 043 | _af-cg--- | ||
| 050 | 0 | 0 |
_aBL2470.Z2 _bS45 1966 |
| 082 | 0 | 0 | _a299/.6 |
| 100 |
_aHochegger, Hermann (ed.) _941576 |
||
| 245 | 1 | 0 |
_aDieu, idoles et sorcellerie dans la région Kwango/Bas-Kwilu : _brapports et compte rendu de la IIéme Semaine d'études ethno-pastorales, Bandundu, 1966. _cEdited by Hermann Hochegger |
| 260 |
_aBandundu : _bCentre d'études ethnologiques, _cc1968. |
||
| 300 |
_avii, 147 p. ; _c27 cm. |
||
| 490 | 1 | _aPublications du Centre d'études ethnologiques : Série I ; v. 2 | |
| 500 | _aIncludes index. | ||
| 504 | _aBibliography: p. 137-142. | ||
| 651 | 0 |
_aCongo (Democratic Republic) _xReligion _xCongresses. _941458 |
|
| 810 | 2 |
_aCeeba. _tPublications du Centre d'études ethnologiques : Série 1 ; _vv. 2. _941459 |
|
| 906 |
_a7 _bcbc _corignew _d4 _encip _f19 _gy-gencatlg |
||
| 942 |
_2lcc _cMONOGRAPH |
||